000 00274nam a22001217a 4500
008 171004b xxu||||| |||| 00| 0 eng d
041 _aeng
080 _24 ED
_a159.9
100 _a48
101 _aPSI
245 _aCHILD ABUSE AND NEGLECT
_cTOWER.C.C
942 _2udc
_cBK
999 _c31747
_d31747